Vista normal Vista MARC

Entrada Meeting Name

Número de registros utilizados en: 1

001 - CONTROL NUMBER

  • control field: 38720

003 - CONTROL NUMBER IDENTIFIER

  • control field: OSt

005 - DATE AND TIME OF LATEST TRANSACTION

  • control field: 20210726144830.0

008 - FIXED-LENGTH DATA ELEMENTS

  • fixed length control field: 210726|| aca||aabn | a|a d

040 ## - CATALOGING SOURCE

  • Original cataloging agency: OSt
  • Transcribing agency: OSt

111 ## - HEADING--MEETING NAME

  • Meeting name or jurisdiction name as entry element: Seminario Internacional "Crisis Financiera y Respuestas de Política"
  • Date of meeting or treaty signing: (2001 :
  • Location of meeting: Cartagena, Colombia)

670 ## - SOURCE DATA FOUND

  • Source citation: Work cat.: (OSt)11991: Seminario Internacional "Crisis Financiera y Respuestas de Política" (2001 : Cartagena, Colombia), Crisis financiera y respuestas de política /, 2002.